000 00576nam a2200205Ia 4500
005 20250508162049.0
008 008 250505s9999 xx 000 0 eng d
020 _a0-582-69644-5
037 _aTextual
040 _aFEDL
_beng
_cFEDL
041 _aeng
_2eng
084 _a910.7, BOD
_qFEDL
100 _aBoden Philip
_9287158
245 0 _aDevelopments in geography teaching
260 _aLondon, UK
_bOpen Book Publishing Ltd
_c1979
300 _axii,127p
490 _aThe changing classroom
942 _cTEXL
_h910.7, BOD
999 _c1374153
_d1374153